| 000 | 01332nam a2200337 a 4500 | ||
|---|---|---|---|
| 001 | 000015009 | ||
| 003 | DO-SdBNP | ||
| 005 | 20240315194914.0 | ||
| 007 | ta | ||
| 008 | 100129s2008 dr c 001 0 spa d | ||
| 020 | _a9789993458654 | ||
| 040 |
_aDO-SdBNP _bspa _cBNPHU |
||
| 082 |
_a338.9519 _bG182r _222 |
||
| 100 | 1 |
_aGalván, Héctor _933971 |
|
| 245 | 1 | 3 |
_aEl rostro de la esperanza : _bel milagro de Corea del Sur visto por un diplomático dominicano / _cHéctor Galván ; presentación Juan Temístocles Montás, edición José Rafael Sosa. |
| 260 |
_aSanto Domingo : _bEditora Centenario, _c2008. |
||
| 300 |
_a168 p. : _bretrs. ; _c23 cm. |
||
| 500 | _aIncluye datos biográficos del autor en la solapa de la cubierta. | ||
| 504 | _aIncluye referencias bibliográficas (p.167-168). | ||
| 590 | _aInventariado, 2023 / DG | ||
| 651 | 4 |
_aCorea Del Sur _xPolítica Económica _933972 |
|
| 651 | 4 |
_aCorea Del Sur _xDesarrollo Económica _933973 |
|
| 651 | 4 |
_aCorea Del Sur _xCondiciones Económicas _93757 |
|
| 651 | 4 |
_aCorea Del Sur _xCondiciones Sociales _933974 |
|
| 651 | 4 |
_aCorea Del Sur _xDesarrollo Agricola _933975 |
|
| 651 | 4 |
_aCorea Del Sur _xDesarrollo Educativo _933976 |
|
| 700 | 1 |
_aMontás, Juan Temístocles _d1950- _979676 |
|
| 700 | 1 |
_aSosa, José Rafael, _eed. _964 |
|
| 910 | _aDG | ||
| 942 |
_2ddc _cLBS1 |
||
| 999 |
_c14582 _d14582 |
||